Parks Collection of Debts. (Record no. 16407)
[ view plain ]
| 000 -LEADER | |
|---|---|
| fixed length control field | 00295nam a22001217a 4500 |
| 020 ## - INTERNATIONAL STANDARD BOOK NUMBER | |
| International Standard Book Number | 851202713 |
| 082 ## - DEWEY DECIMAL CLASSIFICATION NUMBER | |
| Classification number | 346.42077 |
| 245 ## - TITLE STATEMENT | |
| Title | Parks Collection of Debts. |
| 260 ## - PUBLICATION, DISTRIBUTION, ETC. | |
| Place of publication, distribution, etc. | London. |
| Name of publisher, distributor, etc. | Oyez Publishing |
| Date of publication, distribution, etc. | 1976 |
| 300 ## - PHYSICAL DESCRIPTION | |
| Extent | xvi, 179p. |
| Other physical details | 21cm. |
| 500 ## - GENERAL NOTE | |
| General note | Includes appendix and index. |
| 942 ## - ADDED ENTRY ELEMENTS (KOHA) | |
| Koha item type | Books |
| Withdrawn status | Lost status | Damaged status | Not for loan | Home library | Current library | Shelving location | Date acquired | Total Checkouts | Full call number | Barcode | Date last seen | Price effective from | Koha item type |
|---|---|---|---|---|---|---|---|---|---|---|---|---|---|
| Withdrawn | IFM Main Campus Library | IFM Main Campus Library | Archival Collection | 09/09/2016 | 346.42077PAR | 0000010735 | 09/09/2016 | 02/19/2022 | Books |
